000 00715nam a2200289Ia 4500
005 20260324120203.0
008 008 260324s9999 xx 000 0 eng d
020 _a9780429256745
037 _aEBOOK
040 _aCRL
040 _beng
040 _cCRL
041 _2eng
041 _aeng
084 _qCRL
100 _aMaria G. Burns
_91153880
245 0 _aLogistics and Transportation Security
245 2 _bA Strategic, Tactical, and Operational Guide to Resilience
260 _bTaylor and Francis
260 _c2015
365 _a
365 _b230
856 _uhttp://www.taylorfrancis.com/books/9780429256745
942 _cEBOOK
999 _c1748962
_d1748962